|
|
|
|
| LEADER |
00941nam a22002531a 4500 |
| 001 |
000033282 |
| 003 |
9430 |
| 005 |
20151016152956.0 |
| 008 |
151016s2011 000 vie |
| 041 |
|
|
|a vie
|
| 082 |
|
|
|a 959.703
|b HA-N
|
| 100 |
|
|
|a Hạnh Nguyên
|
| 245 |
|
|
|a Nhà tù côn đảo; nhà lao phú quốc huyền thoại
|c Hạnh Nguyên
|
| 260 |
|
|
|a LĐ
|c 2011
|
| 300 |
|
|
|a 546tr. : mh ; 30cm
|
| 650 |
|
|
|a Nhà tù côn đảo; nhà lao phú quốc, Hạnh Nguyên, thời pháp, pháp, côn đảo, nhà tù, phú quốc
|
| OWN |
|
|
|a LNN
|
| AVA |
|
|
|a UDN50
|b LNN
|d 959.703 HA-N
|e available
|t Error 5001 Not defined in file expand_doc_bib_avail.
|f 1
|g 0
|h N
|i 0
|k 1
|
| 999 |
|
|
|a From the UDN01
|
| AVA |
|
|
|a UDN50
|b LNN
|d 959.703 HA-N
|e available
|t Error 5001 Not defined in file expand_doc_bib_avail.
|f 1
|g 0
|h N
|i 0
|k 1
|
| TYP |
|
|
|a Monograph
|
| 980 |
|
|
|a Mạng thư viện Đại học Đà Nẵng
|